000 00755nam a22002537a 4500
005 20230512221213.0
008 180201t xxu||||| |||| 00| 0 eng d
020 _a9789351151623
040 _cCSPC
082 0 _a624.171
_bS927
110 0 _a3G Learning.
245 0 0 _aStructural mechanics
260 _b3G Learning LLC ;
_c2014.
300 _avii, 269 pages :
_bfigures, tables ;
_c23 cm. +
_e1 computer disc
336 _2rdacontent
_atext
337 _2rdamedia
_aunmediated
338 _2rdacarrier
_avolume
504 _aIncludes Bibliography (267-629 pages).
650 1 0 _aStructural mechanics.
940 _aYVES
942 _cBOOK
_jENG 624.171 S927s 2014
999 _c1252
_d1252